| 000 | 00844nam a2200205 i 4500 | ||
|---|---|---|---|
| 001 | 189109 | ||
| 003 | ES-MaACL | ||
| 005 | 20231226151432.0 | ||
| 008 | 190401s1992 sp |||| |dspa d | ||
| 245 | 0 | 3 |
_aEl almirante Lobo _b: dimensión humana y proyección histórica : ciclo de conferencias, marzo 1992. |
| 260 |
_aMadrid : _bInstituto de Historia y Cultura Naval, _c1992. |
||
| 300 |
_a71 p. ; _c24 cm. |
||
| 490 | 1 |
_aCuadernos monográficos del Instituto de Historia y Cultura Naval ; _v17 |
|
| 594 | _aPrecede al tít.: VIII Jornadas de Historia Marítima. | ||
| 600 | 1 | 4 |
_aLobo, Miguel, _d1821-1876 _9157683 |
| 710 | 2 |
_aInstituto de Historia y Cultura Naval (Madrid) _94957 |
|
| 830 | 1 |
_aCuadernos monográficos del Instituto de Historia y Cultura Naval ; _v17 _9193258 |
|
| 852 |
_aES-MaACL _j2339-F-16 |
||
| 999 |
_c189109 _d189109 |
||